000
00327nam a22001337a 4500
008
170307b xxu||||| |||| 00| 0 eng d
020
_a
2900803623902
041
_a
eng
080
_2
3RD
_a
611
100
_a
6
101
_a
SHM
245
_a
LABORATORY MANUAL OF CLINICAL KINESIOLOGY AND ANATOMY
_c
LIPPERT, L.S
942
_2
udc
_c
BK
999
_c
6948
_d
6948